000 02115nam a2200301Ia 4500
003 CO-CtgCURN
005 20250820231707.0
008 191115s2010 xx g 000 0 spa d
020 _a9789582010393
040 _aCO-CtgCURN
_bspa
_ccoctgcurn
082 _aCo863.44
_bL722
100 _aLiévano Quimbay, Luis
_92690
_eautor
245 0 _aChasquis, gritos y chascarrillos de independencia /
_cLuis Liévalo Quimbay; ilustración., Hache Holguín; editor., Pío Fernando Gaona
250 _a1 edición
260 _aBogotá, Colombia :
_bMagisterio Editorial
_c2010
300 _a66 páginas,
_bilustraciones ;
_c17 centímetros
490 _aColección Xue
500 _aIncluye índice
505 _aSed de conquista -- Benkos Biohó -- Agua de colonia -- Antonio el precursor -- Chascarrillos -- Patria potestad -- La flor de la independencia -- Comuneros Rajaleñas -- Francisco el sabio -- Barule -- Grito de independencia -- Romance -- El almirante Padilla -- Patria boba -- Las provincias unidas -- Pacífico cimarrón -- Agustina -- Apolonia la Pola -- Llano adentro -- Patrias de América -- Tertulias clandestinas -- Al sur al sur -- Simoncito -- Heroínas de la patria -- De armas tomar -- Gaitana la cacica.
520 _aEl aniversario de la independencia nacional lo celebramos con diversos actos, y como suele suceder con muchas tradiciones y remembranzas de nuestros fechas históricas, estos eventos no debemos desdibujarlos en la olvidadiza memoria. Los textos que aquí se presentan fueron escritos a manera de voz de la conciencia popular, en un lenguaje y estilo formulado a partir de un estudio de copleríos de diversas regiones del país, de romanceros y dichos populares, que se escuchaban de voz en voz, de boca en boca, a través de los tiempos
521 _aAREA BASICA
590 _aTodos los programas académicos
650 _aCuentos breves
_92691
700 _aHolguín, Hache
_eilustración
700 _aGaona, Pío Fernando
_eeditor
942 _cBK
_hCo863.44
_iL722
_2ddc
_n0
999 _c30624
_d30624